000 00277nam a2200109Ia 4500
001 1263269
005 20260417141901.0
008 260417s9999 xx 000 0 und d
020 _a9789752895034
245 0 _aEskici ve Oğulları
_cOrhan Kemal
260 _bEverest Yayınları
999 _c1263269
_d1263269